The International Encyclopedia of Mutual Funds, Closed-End Funds, and Real Estate Investment Trusts / (Record no. 17176)
[ view plain ]
| 000 -LEADER | |
|---|---|
| fixed length control field | 01158cam a2200289 a 4500 |
| 001 - CONTROL NUMBER | |
| control field | 11959691 |
| 005 - DATE AND TIME OF LATEST TRANSACTION | |
| control field | 20130130123617.0 |
| 008 - FIXED-LENGTH DATA ELEMENTS--GENERAL INFORMATION | |
| fixed length control field | 000331s2000 ilu e 001 0 eng d |
| 010 ## - LIBRARY OF CONGRESS CONTROL NUMBER | |
| LC control number | 00271767 |
| 020 ## - INTERNATIONAL STANDARD BOOK NUMBER | |
| International Standard Book Number | 1579580866 (Fitzroy Dearborn library ed.) |
| 020 ## - INTERNATIONAL STANDARD BOOK NUMBER | |
| International Standard Book Number | 1888998873 (Glenlake Publishing Company) |
| 082 00 - DEWEY DECIMAL CLASSIFICATION NUMBER | |
| Classification number | 332.6327 |
| Edition number | 22 |
| Item number | MAD |
| 100 1# - MAIN ENTRY--PERSONAL NAME | |
| Personal name | Madlem, Peter. |
| 9 (RLIN) | 32154 |
| 245 14 - TITLE STATEMENT | |
| Title | The International Encyclopedia of Mutual Funds, Closed-End Funds, and Real Estate Investment Trusts / |
| Statement of responsibility, etc | Peter W. Madlem, Thomas K. Sykes. |
| 246 30 - VARYING FORM OF TITLE | |
| Title proper/short title | Encyclopedia of Mutual Funds, Closed-End Funds, and Real Estate Investment Trusts |
| 246 14 - VARYING FORM OF TITLE | |
| Title proper/short title | International Encyclopedia of Mutual Funds, Closed-End Funds, and REITs |
| 260 ## - PUBLICATION, DISTRIBUTION, ETC. (IMPRINT) | |
| Place of publication, distribution, etc | Chicago : |
| Name of publisher, distributor, etc | Glenlake Pub. Co. : |
| -- | Fitzroy Dearborn, |
| Date of publication, distribution, etc | c2000. |
| 300 ## - PHYSICAL DESCRIPTION | |
| Extent | 367 p. ; |
| Dimensions | 24 cm. |
| 500 ## - GENERAL NOTE | |
| General note | Chiefly tables. |
| 500 ## - GENERAL NOTE | |
| General note | Includes index. |
| 650 #0 - SUBJECT ADDED ENTRY--TOPICAL TERM | |
| Topical term or geographic name as entry element | Mutual funds |
| Form subdivision | Encyclopedias. |
| 9 (RLIN) | 32155 |
| 650 #0 - SUBJECT ADDED ENTRY--TOPICAL TERM | |
| Topical term or geographic name as entry element | Closed-end funds |
| Form subdivision | Encyclopedias. |
| 9 (RLIN) | 32156 |
| 650 #0 - SUBJECT ADDED ENTRY--TOPICAL TERM | |
| Topical term or geographic name as entry element | Real estate investment trusts |
| Form subdivision | Encyclopedias. |
| 9 (RLIN) | 32157 |
| 653 ## - INDEX TERM--UNCONTROLLED | |
| Resource For college | |
| Arrived date list | January2013 |
| 700 1# - ADDED ENTRY--PERSONAL NAME | |
| Personal name | Sykes, Thomas K. |
| 9 (RLIN) | 32158 |
| 942 ## - ADDED ENTRY ELEMENTS (KOHA) | |
| Source of classification or shelving scheme | Dewey Decimal Classification |
| Item type | Book - Borrowing |
| Withdrawn status | Item status | Source of classification or shelving scheme | Damaged status | Not for loan | Vendor | Home library | Current library | Shelving location | Date acquired | Source of acquisition | Cost, normal purchase price | Serial Enumeration / chronology | Total Checkouts | Full call number | Barcode | Date last seen | Koha item type |
|---|---|---|---|---|---|---|---|---|---|---|---|---|---|---|---|---|---|
| Dewey Decimal Classification | THe Middle East Observer | Central Library | Central Library | First floor | 30/01/2013 | 300.00 | 001339 | 332.6327 MAD | 000027938 | 15/07/2025 | Book - Borrowing |